000 00729nam a22002297a 4500
003 KOHA_MİRAKIL
005 20260331110455.0
008 260331b tu ||||| |||| 00| 0 tur d
020 _a9789750813153
040 _aTR-AnABB
_btur
_cTR-AnABB
041 _atur
082 _a818.4219
_bKAV 2009
100 1 _aKavlak, Aslan
245 1 0 _aBaküye gidiyorum ay balam :
_bNazım Hikmet'in Azerbaycan'daki izleri 1921-1963 /
_cAslan Kavlak
250 _a2. baskı
260 _aİstanbul :
_bYapı Kredi Yayınları ,
_c2009
300 _a447 sayfa ;
_c20 cm
650 0 4 _aTürk edebiyatı, çeşitli eserler
650 0 4 _aYazarlar, Türk, biyografi
651 0 4 _aRan, Nazım Hikmet
_93242
942 _2ddc
_cBK
999 _c10111
_d10111
900 _bCan ÇELIK